=LDR 00000nam 2200000 4500 =001 INLIS000000000027076 =005 20230414020200 =035 ##$$a 0010-061300000027076 =008 230414################g##########0#ind## =041 ##$$a Ind =082 ##$$a 351.635 98 =090 ##$$a 351.635 98, Tho b =100 ##$$a Thoha, Miftah =245 1#$$a Birokrasi dan politik di Indonesia /$c Prof. Dr. Miftah Thoha, MPA =260 ##$$a Jakarta :$b Rajagrafindo Persada,$c 2007 =300 ##$$a xvi, 299 hlm. : $b - ; $c 21 x 14 cm =650 #4$$a Birokrasi =850 ##$$a NBPNMAT =020 ##$$a 979-421-930-4 =084 ##$$a 351.635 98 THO b =250 ##$$a Ed. 5 =500 ##$$a Biografi hlm. 299 =990 ##$$a 0001/BPAP-NTB/2015 =990 ##$$a 1202001598 =990 ##$$a 20702212 =990 ##$$a 1202001598 =990 ##$$a 20702212 =990 ##$$a 1202001598 =990 ##$$a 20702212 =990 ##$$a 1202001598